Experiencing identity (Record no. 191157)
[ view plain ]
| 000 -LEADER | |
|---|---|
| fixed length control field | 01330nam a2200337 a 4500 |
| 100 1# - MAIN ENTRY--AUTHOR NAME | |
| Personal name | Craib, Ian, |
| 245 10 - TITLE STATEMENT | |
| Title | Experiencing identity |
| 260 ## - PUBLICATION, DISTRIBUTION, ETC. (IMPRINT) | |
| Place of publication | London : |
| Name of publisher | SAGE Publications, |
| Year of publication | 1998. |
| 300 ## - PHYSICAL DESCRIPTION | |
| Number of Pages | vii, 190 p. |
| 505 0# - FORMATTED CONTENTS NOTE | |
| Formatted contents note | pt. 1. Identity, experience and politics -- pt. 2. Identity, experience and sociology -- pt. 3. Identity, experience and psychoanalysis. |
| 650 #0 - SUBJECT ADDED ENTRY--TOPICAL TERM | |
| Topical Term | Identity (Psychology) |
| Topical Term | Sociology. |
| 856 40 - ELECTRONIC LOCATION AND ACCESS | |
| Uniform Resource Identifier | http://site.ebrary.com/lib/rucke/Doc?id=10392761 |
No items available.
